000 01036nam a22002777a 4500
001 BD-DhSAU
003 BD-DhSAU
005 20250531124407.0
008 150420b2005 bg ||||| m||| 00| 0 eng d
040 _aBD-DhSAU
082 _222
_a581
_bK132
100 _aTURNA, KANIZ RAZWANA
_eRegistration No. # 15-06800
245 _aEffect of zinc and boron on morphological parameters and yield of brri dhan50 /
_bMS thesis
260 _aSher-e-Bangla Agricultural University:
_bDepartment of Agricultural Botany,
_c2023.
300 _ax, 84p. ;
_c30 cm.
500 _aMS thesis of Department of Agricultural Botany , Faculty of Agriculture , Sher-e-Bangla Agricultural University, Dhaka, Bangladesh
504 _aIncludes bibliographical reference.
590 _aNazmul
650 _azinc and boron
651 _amorphological parameters
654 _abrri dhan50
700 _aProf. Dr. Md. Moinul Haque
_eSuperviser
700 _aProf. Dr. Mahammad Mahbub Islam
_eCo-superviser
942 _2ddc
_cTHESIS
999 _c17964
_d17963